Statistics for nba mvp quiz

Click here to take the quiz!

General Stats

  • This quiz has been taken 41 times
  • The average score is 20 of 23

Answer Stats

Answer% Correct
2020Giannis Antetokounmpo
97%
2019Giannis Antetokounmpo
97%
2014Kevin Durant
97%
2010LeBron James
97%
2009LeBron James
97%
2013LeBron James
97%
2012LeBron James
97%
2022Nikola Jokić
97%
2021Nikola Jokić
97%
2016Stephen Curry
97%
2015Stephen Curry
97%
2008Kobe Bryant
93%
2000Shaquille O'Neal
90%
2018James Harden
87%
2017Russell Westbrook
83%
2003Tim Duncan
83%
2002Tim Duncan
83%
2011Derrick Rose
80%
2001Allen Iverson
77%
2006Steve Nash
77%
2005Steve Nash
77%
2004Kevin Garnett
70%
2007Dirk Nowitzki
67%

Score Distribution

Percentile by Number Answered

Percent of People with Each Score

Your Score History

You have not taken this quiz